| 000 | 00848nam a2200205 i 4500 | ||
|---|---|---|---|
| 001 | 19532 | ||
| 003 | ES-MaACL | ||
| 005 | 20250822153246.0 | ||
| 007 | t| | ||
| 008 | 021002s1949 sp |||| | spa d | ||
| 100 | 1 |
_aAbadal, Ramon d', _d1888-1970 _917945 |
|
| 245 | 1 | 3 |
_aLa batalla del adopcionismo en la desintegración de la Iglesia visigoda / _cdiscurso leído... de D. Ramón d'Abadal en la Real Academia de Buenas Letras de Barcelona... ; contestación del académico numerario Dr. D. José Mª Millás y Vallicrosa. |
| 260 |
_aBarcelona : _b[s.n.], _c1949 ( _fImp. Anglada) |
||
| 300 |
_a188 p. ; _c25 cm. |
||
| 650 | 4 |
_aAdopcionismo. _9169578 |
|
| 700 | 1 |
_aMillás Vallicrosa, José María, _d1888-1970 _981191 |
|
| 710 | 2 |
_aReial Acadèmia de Bones Lletres de Barcelona. _9176228 |
|
| 852 |
_aES-MaACL _jD-7180 |
||
| 999 |
_c19532 _d19532 |
||